000 00195 a2200097 4500
020 _a9781646860449
041 _aeng
100 _aMary Rich Chaberlin
245 _aMama Panya Pancakes
942 _cK
999 _c26176
_d26176